Southville International School and Colleges
Your cart is empty.
  • Cart
  • Lists
    Public lists Eva Luna New books Lux_list list_1
    Your lists Log in to create your own lists
  • Log in to your account
  • Your cookies
  • Search history
Southville International School and Colleges
  • Advanced search
  • Recent comments
  • Most popular
  • Libraries

Log in to your account

Log in with GOOGLE


If you do not have an external account, but do have a local account, you can still log in:

  1. Home
  2. MARC view: Cell biology and genetics biology :
Normal view MARC view ISBD view

Cell biology and genetics biology : (Record no. 115614)

[ view plain ]
MARC details
000 -LEADER
fixed length control field 00640nam a2200205Ia 4500
008 - FIXED-LENGTH DATA ELEMENTS--GENERAL INFORMATION
fixed length control field 140429s9999 xx 000 0 und d
020 ## - INTERNATIONAL STANDARD BOOK NUMBER
International Standard Book Number 9781111580995
050 ## - LIBRARY OF CONGRESS CALL NUMBER
Classification number QH 581.2
Item number .St796 2013
100 ## - MAIN ENTRY--PERSONAL NAME
Personal name Starr, Cecie
245 ## - TITLE STATEMENT
Title Cell biology and genetics biology :
Remainder of title the unity and diversity of life /
Statement of responsibility, etc Cecie Starr, Ralph Taggart, Christine Evers, [et.al]�
250 ## - EDITION STATEMENT
Edition statement 13th ed.
260 ## - PUBLICATION, DISTRIBUTION, ETC. (IMPRINT)
Place of publication, distribution, etc California :
Name of publisher, distributor, etc Brooks/Cole Cengage Learning,
Date of publication, distribution, etc c2013.
300 ## - PHYSICAL DESCRIPTION
Extent 233 p. :
Other physical details col. ill. ;
Dimensions 28 cm.
500 ## - GENERAL NOTE
General note Includes index.
521 ## - TARGET AUDIENCE NOTE
Target audience note
650 ## - SUBJECT ADDED ENTRY--TOPICAL TERM
Topical term or geographic name as entry element Cytology.
650 ## - SUBJECT ADDED ENTRY--TOPICAL TERM
Topical term or geographic name as entry element Genetics.
942 ## - ADDED ENTRY ELEMENTS (KOHA)
Call number prefix Foreign
Koha item type Books
Holdings
Withdrawn status Lost status Damaged status Home library Current library Shelving location Date acquired Source of acquisition Cost, normal purchase price Total Checkouts Total Renewals Full call number Barcode Date last seen Date checked out Price effective from Koha item type
      College Library College Library Reserve Section 04/29/2014 Library Fund 3968.00 1 4 QH 581.2 .St796 2013 C16948 05/15/2018 06/02/2016 04/29/2014 Books

Cell biology and genetics biology :

APA

Starr C., . (2013). Cell biology and genetics biology. California: Brooks/Cole Cengage Learning.

Chicago

Starr Cecie, . 2013. Cell biology and genetics biology. California: Brooks/Cole Cengage Learning.

Harvard

Starr C., . (2013). Cell biology and genetics biology. California: Brooks/Cole Cengage Learning.

MLA

Starr Cecie, . Cell biology and genetics biology. California: Brooks/Cole Cengage Learning. 2013.

  • Place hold
  • Print
  • Cite
  • Add to your cart (remove)
  • Save record
    BIBTEX Dublin Core MARCXML MARC (non-Unicode/MARC-8) MARC (Unicode/UTF-8) MARC (Unicode/UTF-8, Standard) MODS (XML) RIS
  • More searches
    Search for this title in:
    Other Libraries (WorldCat) Other Databases (Google Scholar) Online Stores (Bookfinder.com) Open Library (openlibrary.org)

Exporting to Dublin Core...

SOUTHVILLE LIBRARY

Southville International School and Colleges Library

1281 Tropical Ave. Cor. Luxembourg St., BF Homes International, Las Pinas City

Tel. No. 8256374 / 252358 Loc. 117/146

Powered by Koha